LEADER 00886nam0-22003011i-450- 001 990005015560403321 005 19990530 010 $a0-85527-054-3 035 $a000501556 035 $aFED01000501556 035 $a(Aleph)000501556FED01 035 $a000501556 100 $a19990530d1976----km-y0itay50------ba 101 0 $aita 105 $ay-------001yy 200 1 $a<>unclassed$fGeorge Gissing$gedited with an introduction by Jacob Korg 210 $aHassocks$cThe Harvester Press$d1976. 215 $aXXIII, 322 p.$d19 cm 325 $aRistampa della nuova edizione di Londra, 1895. - 700 1$aGissing,$bGeorge$f<1857-1903>$0321195 702 1$aKorg,$bJacob 801 0$aIT$bUNINA$gRICA$2UNIMARC 901 $aBK 912 $a990005015560403321 952 $aALPHA 2101$bFil.Mod. 32175$fFLFBC 959 $aFLFBC 996 $aUnclassed$9529547 997 $aUNINA LEADER 00831nam0-22002891i-450 001 990005499510203316 005 20200401154603.0 035 $a000549951 035 $aUSA01000549951 035 $a(ALEPH)000549951USA01 100 $a20011120d2001----km y1itay5003----ba 101 0 $aita 102 $aIT 200 1 $aLaboratorio di Exel 2000$fFrancesco Paolo Borazzo, Roberto Candiotto 210 $aMilano$cApogeo$d2001 215 $aIX, 223 p.$cill.$d24 cm$ecd-rom 606 0 $aProgrammi per elaboratori$2BNCF 676 $a005.3 700 1$aBORAZZO,$bFrancesco Paolo$0413463 701 1$aCANDIOTTO,$bRoberto$0116583 801 0$aIT$bSOL$c20120104 912 $a990005499510203316 951 $a000 005.3 BOR$b9792 DISES 959 $aBK 969 $aDISES 996 $aLaboratorio di Exel 2000$91129397 997 $aUNISA LEADER 01018nam a2200277 i 4500 001 991001800039707536 005 20020507151850.0 008 000529s1981 it ||| | ita 035 $ab11565792-39ule_inst 035 $aLE02725400$9ExL 040 $aDip.to Studi Giuridici$bita 082 0 $a346.45082 084 $aPR-XII/B 100 1 $aMolle, Giacomo$0109353 245 12$aI contratti bancari /$cGiacomo Molle 250 $a4. ed. aggiornata alle norme bancarie uniformi e alla dottrina e giurisprudenza piu recenti 260 $aMilano :$bA. Giuffrè,$c1981 300 $axx, 1015 p. ;$c25 cm. 490 0 $aTrattato di diritto civile e commerciale ;$v35 650 4$aContratti bancari$zItalia 907 $a.b11565792$b01-03-17$c02-07-02 912 $a991001800039707536 945 $aLE027 PR XII B 13$g1$i2027000201860$lle027$o-$pE0.00$q-$rn$sm $t0$u2$v0$w2$x0$y.i11769142$z02-07-02 996 $aContratti bancari$9430229 997 $aUNISALENTO 998 $ale027$b01-01-00$cm$da $e-$fita$git $h2$i1